• 首页
  • 本馆介绍
  • 公告通知
  • 最新文献
  • 馆藏检索
  • 电子资源
  • 读者导购
  • 参考咨询
  • 我的图书馆
  • 登录
  • 详细信息显示
  • 放入我的书架
  • 预约/预借图书
  • 作者相关作品
  • 分类相关作品
  • 丛书相关作品
  • 出版社相关作品

书目信息

  • 表格格式
  • 工作单格式
  • 卡片格式
题名:
Pro/ENGINEER Wildfire 3.0中文版模具设计基本技术与案例实践
    
 
作者: 郭晓俊 , 孙江宏 编著
分册:  
出版信息: 北京   清华大学出版社  2007
页数: 327页
开本: 26cm
丛书名:
单 册:
中图分类: TG76-39
科图分类:
主题词: 模具 , 计算机辅助设计 , 模具--计算机辅助设计--应用软件 , 应用软件
电子资源:
ISBN: 978-7-302141945
000 01078nam0 2200313 450
000 01086nam0 2200313 450
000 01016nam0 2200289 450
000 00980nam0 2200277 45
005 20070515191110.31
010    @a978-7-302141945@dCNY39.00
100    @a20070310d2007 em y0chiy0120 ea
101 0  @achi
102    @aCN@b110000
105    @aa z 000yy
200 1  @aPro/ENGINEER Wildfire 3.0中文版模具设计基本技术与案例实践@APro/ENGINEER Wildfire 3.0zhong wen ban mo ju she ji ji shu yushi li shi jian@f郭晓俊,孙江宏等编著
210    @a北京@c清华大学出版社@d2007
215    @a327页@c图@d26cm@e光盘1片
307    @a附光盘1片 ISBN : 978-7-89486-275-4
330    @a本书介绍Pro/E3.0基础知识、模具基础知识、高级特征和工程应用实例。
606 0  @a模具
606 0  @a计算机辅助设计
606 0  @a模具@x计算机辅助设计@x应用软件
606 0  @a应用软件
610 1  @aPro/ENGINEER Wildfire 3.0
690    @aTG76-39@v4
701  0 @a郭晓俊@Aguo xiao jun@4编著
701  0 @a孙江宏@Asun jiang hong@4编著
801  0 @aCN@bTAOJIN@c20070515
905    @a10447@dTG76-39@e8
    
    Pro/ENGINEER Wildfire 3.0中文版模具设计基本技术与案例实践/郭晓俊,孙江宏等编著.-北京:清华大学出版社,2007
    327页:图;26cm+光盘1片
    
    
    ISBN 978-7-302141945:CNY39.00
    本书介绍Pro/E3.0基础知识、模具基础知识、高级特征和工程应用实例。
●
相关链接 在E读中查询图书 在五车中查询图书 在当当中查询图书 在豆瓣中查询图书


正题名:Pro/ENGINEER Wildfire 3.0中文版模具设计基本技术与案例实践     索取号:TG76-39/8         预约/预借

序号 登录号 条形码 馆藏地/架位号 状态 备注
1 0520565   205205650   第二样本阅览室/ [索取号:TG76-39/8] 在馆    
2 0520566   205205669   第三借阅区/ [索取号:TG76-39/8] 在馆    
3 0520567   205205678   第三借阅区/ [索取号:TG76-39/8] 在馆    
4 0520568   205205687   第三借阅区/ [索取号:TG76-39/8] 在馆    
5 0520569   205205696   第三借阅区/ [索取号:TG76-39/8] 在馆    
6 0520570   205205703   第三借阅区/ [索取号:TG76-39/8] 在馆    
7 0520571   205205712   第三借阅区/ [索取号:TG76-39/8] 在馆    
8 0520572   205205721   第三借阅区/ [索取号:TG76-39/8] 在馆    
唐山师范学院图书馆 欢迎您!
大连网信软件有限公司© 版权所有